000 00934cam a22002897a 4500
003 CHAP
005 20220329134731.0
008 971013s1940 uk a r 00010 eng d
010 _a25022
011 _a25994
035 _a30094
040 _cCHAP
082 0 4 _a633.2
_bC6
110 2 _aCommonwealth Agricultural Bureaux
_925960
245 1 4 _aThe breeding of herbage plants in Scandinavia and Finland
260 _aAberystwuth, England :
_bImperial Bureau of pastures and Forage Crops,
_c1940
300 _a123 p.
_b: ilus.
490 0 _aJoint publication
_v; 3
590 _aBATCH-UPD
_b10
_c20130110
_lUCH01
_h2056
590 _aCONVERSION
_b10
_c20130109
_lUCH01
_h1315
650 1 4 _aPlantas forrajeras.
_988943
650 1 4 _aPlantas forrajeras
_xMejoramiento.
_988971
830 0 _aJoint publication
_v; 3
_961931
901 _aBK
942 _cLIBRO
949 _a633.2 C6
_bBC
_cLIBRO
_d33724000198123
_eLIBRO
_h22523
_i30094
_mD
_si
999 _c25022
_d25022